| 000 | 00584nab a2200205 a 4500 | ||
|---|---|---|---|
| 005 | 20210219155644.0 | ||
| 008 | 991125s1985 mx 000 0 spa u | ||
| 035 | _aUPN01000149300 | ||
| 100 | 1 | _aGil Flores, Javier | |
| 222 | _aREVISTA DE INVESTIGACION EDUCATIVA | ||
| 245 | _aValoraciones del alumnado universitario sobre las pruebas objetivas | ||
| 260 | _aBarcelona, EspaƱa | ||
| 300 | _a259-277 | ||
| 362 | 0 | _a2005 Vol. 23, no. 1 | |
| 653 | 0 | _aEDUCACION SUPERIOR | |
| 653 | 0 | _aPRUEBAS OBJETIVAS | |
| 653 | 0 | _aAPRENDIZAJE | |
| 653 | 0 | _aTITULACION | |
| 905 | _aArticulo | ||
| 999 |
_c121441 _d121441 |
||